000 00432nam a22001697a 4500
003 NUST - PNEC
005 20170116181132.0
008 150616b xxu||||| |||| 00| 0 eng d
040 _cLIBRARY
082 _a621.384 SLU
100 _94025
_aSluzberg
245 _aEssentials of Radio Electronics
_cMorris Sluzberg
250 _a2nd ed.
260 _cc1961
650 _95527
_aElectrical Engineering
_xEL, EE
942 _2ddc
_cBK
999 _c70032
_d70032